01746 a2200169 45000010006000000050017000060080041000230030015000640400040000790800104001192450030002232640037002533000043002905051213003331000014015467000016015602718220260407155548.0260407a1967 arg spa dAR-UNSa-BCEJYS aAR-UNSa-BCEJYSbspacAR-UNSa-BCEJYS a347.736xQuiebra. Insolvencia. Suspensión de pagos. Bancarrota, procedimientos. Derecho Concursal10aEl concurso de acreedores 1aBuenos Aires :bPlus Ultrac1967 a3v. (473; 476-1037; 1040-1461)c20 cm. aParte Primera: Tomo I: 1. Concurso civil y quiebra - 2. Legislación comparada sobre concursos - 3. Legislación argentina - 4. Concurso a solicitud del deudor - 5. Concurso a solicitud del acreedor - 6. Concurso de una sucesión - 7. Incidente de oposición - 8. Efectos del auto declaratorio de concurso - Tomo II: 9. Verificación de créditos y ocupación de bienes - 10. Representación patrimonial - 11. Pensión alimenticia - 12. Situación del concursado ante el código civil - 13. Régimen de los bienes de concurso - 14.v Terminación del concurso - Parte Segunda: Tomo III: 1. Legislación comparada sobre rehabilitación - 2. Legislación argentina sobre rehabilitación - 3. Iniciativas anteriores a la ley 11.077 - 4. Antecedentes relativos a la ley 11.077 - 5. Propósito de la ley 11.077 - 6. Incidentes de rehabilitación - 7. Solicitud de rehabilitación - 8. Tramitación de incidentes - 9. Sentencia de rehabilitación - 10. Rehabilitación de oficio a solicitud de parte - 11. De la adjudicación - 12. Efectos de la rehabilitación sobre los bienes de la masa - 13. Efectos de la rehabilitación sobre las deudas del concursado - 14. Beneficio de competencia.1 aParry, R.1 aParry, A.E.